Die Perzeption des südosteuropäischen Grenzraumes in Türkei-Reiseberichten der Frühen Neuzeit
| Titel: | Die Perzeption des südosteuropäischen Grenzraumes in Türkei-Reiseberichten der Frühen Neuzeit / Detlef Haberland |
|---|---|
| Verfasser: | |
| In: |
Osmanischer Orient und Ostmitteleuropa, (2014), Seite 47-60 alle Artikel anzeigen |
| Veröffentlicht: | 2014 |
| Format: | Aufsatz |
| Sprache: | Deutsch |
X
alg: 42408467 001A $03025:20-12-17 001B $01999:20-12-17 $t22:49:11.000 001C $03025:20-12-17 $t09:43:45.000 001D $03025:20-12-17 001U $0utf8 001X $00 002@ $0Aou 002C $aText $btxt $2rdacontent 002D $aohne Hilfsmittel zu benutzen $bn $2rdamedia 002E $aBand $bnc $2rdacarrier 003@ $0424084678 007A $0424084678 $aHEB 010@ $ager 010E $erda 011@ $a2014 021A $aDie @Perzeption des südosteuropäischen Grenzraumes in Türkei-Reiseberichten der Frühen Neuzeit $hDetlef Haberland 028A $BVerfasser $#Haberland, Detlev $#Haberland, D. $4aut $7133861465 $8Haberland, Detlef$Z1953- [Tp3] $9194480453 031A $h47-60 $j2014 039B $aEnthalten in $8--Aau--. Osmanischer Orient und Ostmitteleuropa. - Stuttgart : Steiner, 2014. - 336 Seiten. - Illustrationen, Karten. - ISBN 3-515-10848-3 $x201400000000000953 $9348926014 044K $REuropa $RDonauländer $RBalkanhalbinsel $#Südosteuropa $#Südosteuropa $#Europa, Südost $74058449-5 $8Südosteuropa [Tg1] $9085162280 044K $RTürkei $#Osmanisches Reich $#Osmanisches Reich $#Ottomanisches Reich $#Empire Ottoman $#Daulat-i ʿAlīya-i ʿUṯmānīya $#Devlet-i Aliye Osmaniye $#Hohe Pforte $#Staat Pforte $#Bâb-ı Âlî $#Sublime Porte $#Bâb-ı Âsafî $#Hükumet Kapısı $#Vysokaja Porta $#Blistatelʾnaja Porta $#Paşa Kapısı $#Ottomannische Pforte $#Othōmanikē Autokratoria $#Osmanlı İmperatorluğu $74075720-1 $8Osmanisches Reich [Tg1] $9085214280 044K $RFrontier $RStaatsgrenze $#Borderlands $#Régions frontalières $#Tierras fronterizas $#Grenzregion $#Grenzgebiet $#Grenzland $#Grenzregion $#Grenzraum $#Grenzbezirk $74021993-8 $8Grenzgebiet [Ts1] $9085053791 044K $RKrieg $#Guerres austro-turques $#Türkenkrieg $#Osmanenkriege $74186408-6 $8Türkenkriege [Ts1] $9085910848 044K $RFachliteratur $RBericht $RQuelle $RReiseliteratur $RErlebnisbericht $RTagebuch $RReisejournalismus $#Travelers' writings $#Récits de voyages $#Hodoeporicon $#Reisetagebuch $#Reisebeschreibung $#Reisebilder $#Reiseschilderung $#Reise Beschreibung $#Reisebriefe $#Reiseessay $#Reisereportage $#Reise Tagebuch Formschlagwort $#Reiseberichte $#Travel writing $74076645-7 $8Reisebericht [Ts1] $9085217158 045R $aGeschichte 1520-1800 lok: 42408467 78 exp: 42408467 78 1 #EPN 201B/01 $020-12-17 $t09:42:16.000 201C/01 $020-12-17 201U/01 $0utf8 203@/01 $01013085337 208@/01 $a20-12-17 $be 209A/01 $a/ $f000 $x00 209A/01 $ab*p $x01 220C/01 $apgar 244Z/01 $#Ungarn $#Ungarn $#Ungarische Räterepublik $#Königreich Ungarn $#Die @Länder der ungarischen Krone $#Transleithanien $#Magyarország $#Magyar Köztársaság $#Magyar Tanácsköztársaság $#Government of the Hungarian Republic $#Zemalja Ugarske Krune $#VNR $#Ungern $#Ungarische Republik $#Republik Ungarn $#Ungarische Volksrepublik $#Volksrepublik Ungarn $#Magyar Népköztársaság $#Hungary $#Hungarian Republic $#Hongrie $#Vengerskaja Narodnaja Respublika $#Hungarian People's Republic $#HPR Hungarian People's Republic $#République Populaire Hongroise $#Ungarische VR $#Republic of Hungary $#Vengrija $74078541-5 $8--Tgz--Ungarn $x01 $9085222712 247C/01 $82080>Marburg/Lahn, Herder-Institut, Forschungsbibliothek, Bibliographieportal $9336309341
| LEADER | 00000caa a2200000 c 4500 | ||
|---|---|---|---|
| 001 | 424084678 | ||
| 003 | DE-603 | ||
| 005 | 20171220224911.0 | ||
| 007 | tu | ||
| 008 | 171220s2014 xx |||| | u00||u|ger c | ||
| 035 | |a (DE-599)HEB424084678 | ||
| 040 | |a DE-603 |b ger |c DE-603 |d DE-603 |e rda | ||
| 041 | |a ger | ||
| 100 | 1 | |a Haberland, Detlef |d 1953- |e Verfasser |4 aut |0 (DE-603)194480453 |0 (DE-588)133861465 |2 gnd | |
| 245 | 0 | 0 | |a Die Perzeption des südosteuropäischen Grenzraumes in Türkei-Reiseberichten der Frühen Neuzeit |c Detlef Haberland |
| 264 | 0 | |c 2014 | |
| 336 | |a Text |b txt |2 rdacontent | ||
| 337 | |a ohne Hilfsmittel zu benutzen |b n |2 rdamedia | ||
| 338 | |a Band |b nc |2 rdacarrier | ||
| 648 | 7 | |a Geschichte 1520-1800 |2 gnd | |
| 650 | 7 | |a Grenzgebiet |0 (DE-588)4021993-8 |0 (DE-603)085053791 |2 gnd | |
| 650 | 7 | |a Türkenkriege |0 (DE-588)4186408-6 |0 (DE-603)085910848 |2 gnd | |
| 650 | 7 | |a Reisebericht |0 (DE-588)4076645-7 |0 (DE-603)085217158 |2 gnd | |
| 651 | 7 | |a Südosteuropa |0 (DE-588)4058449-5 |0 (DE-603)085162280 |2 gnd | |
| 651 | 7 | |a Osmanisches Reich |0 (DE-588)4075720-1 |0 (DE-603)085214280 |2 gnd | |
| 773 | 0 | 8 | |i Enthalten in |t Osmanischer Orient und Ostmitteleuropa |d Stuttgart : Steiner, 2014 |h 336 Seiten, Illustrationen, Karten |z 3515108483 |z 9783515108485 |g (2014), Seite 47-60 |w (DE-603)348926014 |
| 924 | 0 | |9 2080 |a (DE-603)1013085337 |b DE-2080 |c HES |d d |g / | |


